Bem, Obrigado, e você? (Registo nº 200778)
[ vista simples ]
| 000 -Etiqueta do registo | |
|---|---|
| Valores | 00530nam 22001933 4500 |
| 100 ## - Dados gerais de processamento | |
| Dados gerais | 20260226d u||y0pory50 ba |
| 200 ## - Titulo e menção de responsabilidade | |
| Título próprio | Bem, Obrigado, e você? |
| Primeira menção de responsabilidade | Quino |
| 210 ## - Publicação | |
| Local de publicação | Lisboa |
| Nome do editor | Publicações Dom Quixote |
| Data de publicação | 1982 |
| 215 ## - Descrição física | |
| Paginação / Volumes | [98] p. |
| Outras indicações físicas | il. ; brochado |
| Dimensões | 26 cm |
| 225 ## - Colecção | |
| Título próprio da colecção | Humor com humor se paga |
| Número de parte ou secção | 4 |
| 606 ## - Nome comum usado como assunto | |
| ID Autoridade | 1586 |
| Palavra de ordem | Desenho Artístico |
| 610 ## - Termos não controlados | |
| Palavra de ordem | Banda Desenhada |
| 675 ## - CDU | |
| Notação | 74 |
| Edição | PT |
| Língua | por |
| 700 ## - Autor principal (pessoa individual) | |
| ID Autoridade | 2358 |
| Apelido | Quino |
| Datas | 1932-2020 |
| 801 ## - Fonte de origem | |
| País | PT |
| Agência | BMMN |
| Regras de catalogação | RPC |
| 830 ## - Notas gerais do catalogador | |
| Criado por | Isabel |
| 990 ## - Elementos KOHA | |
| Tipo de documento | Livro |
| Situação do levantamento | Biblioteca de origem | Código de barras | Cota | Permissão de empréstimo | Tipo de documento | Forma de aquisição |
|---|---|---|---|---|---|---|
| Biblioteca Municipal de Montemor-o-Novo | 30013 | 74 QUI|AJ | Livro | Compra |